000 nam a22 7a 4500
999 _c7678
_d7678
008 170928b xxu||||| |||| 00| 0 eng d
100 _94169
_aBhushan.B.
245 _aLab Manual Chemistry-XI
260 _aNew delhi
_bArya
_c2009